• 首页
  • 本馆介绍
  • 公告通知
  • 最新文献
  • 馆藏检索
  • 电子资源
  • 读者导购
  • 参考咨询
  • 我的图书馆
  • 登录
  • 详细信息显示
  • 放入我的书架
  • 预约/预借图书
  • 作者相关作品
  • 分类相关作品
  • 丛书相关作品
  • 出版社相关作品

书目信息

  • 表格格式
  • 工作单格式
  • 卡片格式
题名:
中学生学习心理与学习方法
    
 
作者: 李鸿灿 著
分册:  
出版信息: 广州   广东高等教育出版社  1999
页数: 91页
开本: 19cm
丛书名:
单 册:
中图分类: G442 , G632.46
科图分类:
主题词: 中学生--学习心理学 , 中学生--学习方法
电子资源:
ISBN: 7-5361-2304-3
000 00649nam0 2200229 450
001 1562797905
005 20150125172654.76
010    @a7-5361-2304-3@dCNY6.00
100    @a20021005d1999 demy0chiy0110 ea
101 0  @achi
102    @aCN@b440000
105    @ay z 000yy
200 1  @a中学生学习心理与学习方法@9zhong xue sheng xue xi xin li yu xue xi fang fa@f李鸿灿著
210    @a广州@c广东高等教育出版社@d1999
215    @a91页@d19cm
606 0  @a中学生@x学习心理学
606 0  @a中学生@x学习方法
690    @aG442@v5
690    @aG632.46@v5
701  0 @a李鸿灿@9li hong can@4著
801  0 @aCN@bTSSF@c20150125
905    @aZUCC@dG442@eJY11
    
    中学生学习心理与学习方法/李鸿灿著.-广州:广东高等教育出版社,1999
    91页;19cm
    
    
    ISBN 7-5361-2304-3:CNY6.00
    
●
相关链接 在E读中查询图书 在五车中查询图书 在当当中查询图书 在豆瓣中查询图书


正题名:中学生学习心理与学习方法     索取号:G442/JY11         预约/预借

序号 登录号 条形码 馆藏地/架位号 状态 备注
1 7847024   278470245   学院路分馆/ [索取号:G442/JY11] 在馆    
2 7847025   278470254   学院路分馆/ [索取号:G442/JY11] 在馆    
唐山师范学院图书馆 欢迎您!
大连网信软件有限公司© 版权所有